The forests of silence. #1 / Emily Rodda.
Record details
- ISBN: 0439253233 (pbk.) :
- Physical Description: 131 p. ; 20 cm.
- Publisher: New York : Scholastic Inc., c2000.
Content descriptions
| Summary, etc.: | The evil Shadow Lord is planning to take over the ... Read More |
| Target Audience Note: | RL4 008-012 |
Search for related items by subject
| Subject: | Magic > Juvenile fiction. Quests (Expeditions) > Juvenile fiction. |
| Genre: | Fantasy fiction. |
Search for related items by series
| LDR | 01465nam a2200325Ia 4500 | ||
|---|---|---|---|
| 001 | 34639 | ||
| 003 | LARL_NWRL_CONSORTIUM | ||
| 005 | 20010517155237.0 | ||
| 008 | 010312s2000 nyua j 000 1 eng d | ||
| 020 | . | ‡a0439253233 (pbk.) : ‡c$4.99 | |
| 035 | . | ‡a(OCoLC)46966042 ‡z(OCoLC)46427115 | |
| 099 | . | ‡aj ROD | |
| 100 | 1 | . | ‡aRodda, Emily. ‡0(LARL_NWRL_CONSORTIUM)94983 |
| 245 | 1 | 4. | ‡aThe forests of silence. ‡n#1 / ‡cEmily Rodda. |
| 260 | . | ‡aNew York : ‡bScholastic Inc., ‡cc2000. | |
| 300 | . | ‡a131 p. ; ‡c20 cm. | |
| 490 | 0 | . | ‡aDeltora quest ; ‡v1 |
| 521 | . | ‡aRL4 008-012 | |
| 520 | . | ‡aThe evil Shadow Lord is planning to take over the land of Deltora and ev=nslave all its people. In order to stop him 16-year old Lief and former palace guard Barda must find all seven stones from the magic belt of Deltora. | |
| 650 | 0. | ‡aMagic ‡vJuvenile fiction. ‡0(LARL_NWRL_CONSORTIUM)165990 | |
| 650 | 0. | ‡aQuests (Expeditions) ‡vJuvenile fiction. | |
| 655 | 7. | ‡aFantasy fiction. ‡2gsafd | |
| 901 | . | ‡a34639 ‡bOCLC ‡c34639 ‡tbiblio | |

Add to basket
Permalink
Disable Highlighting